Online Catalogue and eLibrary

The end of motherhood : (Record no. 329)

MARC details
000 -LEADER
fixed length control field 00662cam a2200229 a 4500
001 - CONTROL NUMBER
control field 3886931
005 - DATE AND TIME OF LATEST TRANSACTION
control field 20240208013655.0
008 - FIXED-LENGTH DATA ELEMENTS--GENERAL INFORMATION
fixed length control field 900503s1990 flu b 000 0 eng
020 ## - INTERNATIONAL STANDARD BOOK NUMBER
ISBN 1558741097 :
040 ## - CATALOGING SOURCE (பட்டியலாக்க மூலம்)
Original cataloging agency DLC
Transcribing agency DLC
Modifying agency DLC
082 00 - DDC Classification
Class No. 306.8
DDC Edition Number 20
Item Number - Author Mark JO A.
100 1# - MAIN ENTRY--PERSONAL NAME
Personal name Lordahl, Jo Ann.
245 14 - TITLE STATEMENT
Title The end of motherhood :
Remainder of title new identities, new lives /
Statement of responsibility, etc. by Jo Ann Lordahl.
260 ## - PUBLICATION, DISTRIBUTION, ETC.
Place of publication, distribution, etc. Deerfield Beach, Fla. :
Name of publisher, distributor, etc. Health Communications,
Date of publication, distribution, etc. 1990.
300 ## - PHYSICAL DESCRIPTION
Extent (e.g. Volumes, Pages etc.) x, 224 p. ;
650 #0 - SUBJECT ADDED ENTRY--TOPICAL TERM
Topical term or geographic name entry element Middle-aged women
650 #0 - SUBJECT ADDED ENTRY--TOPICAL TERM
Topical term or geographic name entry element Empty nesters
650 #0 - SUBJECT ADDED ENTRY--TOPICAL TERM
Topical term or geographic name entry element Middle-aged mothers
650 #0 - SUBJECT ADDED ENTRY--TOPICAL TERM
Topical term or geographic name entry element Self-actualization (Psychology)
650 #0 - SUBJECT ADDED ENTRY--TOPICAL TERM
Topical term or geographic name entry element Empty nesters
942 ## - Koha item type (Biblio)
Koha item type Books in Stacks (Lending)
Holdings
Lost status Damaged status Collection code Home library Current library Date acquired Full call number Accession Number Item type
    Lending WERC Library WERC Library 02/08/2024 306.8 JO A. 1173 Books in Stacks (Lending)

© WERC Library